000
00358nam a22001217a 4500
082
_a
382.609549 SBP
100
_a
State Bank of Pakistan
245
_a
Export Receipts July 2005
_c
State Bank of Pakistan
260
_a
Karachi
_b
Public Relation Division SBP
_c
2005
300
_a
149p
942
_2
ddc
_c
BK
999
_c
586067
_d
586067